Statistiques concernant Les 10 joueurs avec le meilleur ratio de passes dés en sélection.

Cliquez ici pour prendre le quiz!

Statistiques générales

  • Ce quiz a été pris 114 fois
  • Le résultat moyen est 7 sur 10

Statistiques - réponses

Passes
Décisives
JoueursSélection% Correct
0.48Kevin De BruyneBelgique
100%
0.44NeymarBrésil
99%
0.31Lionel MessiArgentine
98%
0.30Mohamed SalahEgypte
94%
0.36Riyad MahrezAlgérie
89%
0.31Memphis DepayPays-Bas
60%
0.26Bernardo SilvaPortugal
53%
0.41Mesut OzilAllemagne
46%
0.35Dusan TadicSerbie
33%
0.35Youcef BelailiAlgérie
14%

Distribution des résultats

Percentile par nombre de réponses

% des personnes avec chaque résultat

Votre développement - résultats

Vous n’avez pas pris ce quiz